Podnikanie v kolektívnom investovaní bakalárska práca

Salvato in:
Dettagli Bibliografici
Autore principale: Pangrác, Samuel
Ente Autore: Národohospodárska fakulta EU. Katedra financií
Altri autori: Šípová, Miriana, 1997-
Natura: Libro
Lingua:slovacco
Pubblicazione: Bratislava 2025
Tags: Aggiungi Tag
Nessun Tag, puoi essere il primo ad aggiungerne!!

MARC

LEADER 00000nbm a2200000 4500
001 0309421
005 20260120145857.2
041 0 |a slo 
044 |a SK 
245 1 0 |a Podnikanie v kolektívnom investovaní  |b bakalárska práca  |c Samuel Pangrác ; školiteľ: Miriana Šípová 
264 1 |a Bratislava  |c 2025 
300 |a 67 s. 
100 1 |a Pangrác, Samuel 
700 1 |a Šípová, Miriana, 1997- 
710 2 |a Národohospodárska fakulta EU. Katedra financií